[Event "Faxe Dags EMT 2011"]
[Site "Faxe"]
[Date "2011.05.11"]
[Round "6"]
[White "Brinkhard, Anders"]
[Black "Kjeldgaard, Lennart"]
[Result "0-1"]
[WhiteElo "1482"]
[BlackElo "1565"]
[PlyCount "126"]
[EventDate "2011.??.??"]

1. Nf3 d5 2. d4 Nc6 3. c3 Bf5 4. h3 Nf6 5. Bf4 Bxb1 6. Qxb1 g6 7. e3 a6 8. Bd3
Bg7 9. O-O Nh5 10. Bh2 e6 11. Re1 Nf6 12. Ne5 Nxe5 13. Bxe5 O-O 14. Qc2 Nd7 15.
Bxg7 Kxg7 16. e4 dxe4 17. Bxe4 c6 18. Qe2 Nf6 19. Bf3 Qd6 20. Qe5 Qxe5 21. Rxe5
Rad8 22. Rae1 Nd5 23. Bxd5 Rxd5 24. Rxd5 cxd5 25. Re5 Rc8 26. a3 b5 27. Kf1 a5
28. Re3 a4 29. Ke2 Kf6 30. Kd3 Ke7 31. g4 g5 32. Kc2 f6 33. b3 axb3+ 34. Kxb3
Rc4 35. Re1 Kd6 36. f3 e5 37. dxe5+ fxe5 38. Re3 e4 39. fxe4 dxe4 40. Re2 Ke6
41. Rf2 e3 42. Re2 Re4 43. Kc2 Ke5 44. Kd3 Kf4 45. Rb2 Kf3 46. Re2 Re6 47. Re1
Rd6+ 48. Kc2 Kf2 49. Rb1 e2 50. Rxb5 e1=Q 51. Rf5+ Kg3 52. a4 Qd1+ 53. Kb2 Rb6+
54. Rb5 Qe2+ 55. Kb3 Rxb5+ 56. axb5 Qxb5+ 57. Kc2 Kxh3 58. Kd2 Kxg4 59. Kc2 h5
60. Kd2 h4 61. Ke1 h3 62. Kf2 Qb2+ 63. Kg1 Qg2# 0-1

[Event "Faxe Dags EMT 2011"]
[Site "Faxe"]
[Date "2011.05.11"]
[Round "6"]
[White "Christoffersen, Per"]
[Black "Ostrem, Eyolf"]
[Result "1-0"]
[WhiteElo "1549"]
[BlackElo "1400"]
[PlyCount "131"]
[EventDate "2011.??.??"]

1. d4 Nf6 2. Nf3 g6 3. c4 Bg7 4. Nc3 O-O 5. e4 d6 6. Be2 e5 7. O-O Nbd7 8. Be3
Ng4 9. Bg5 f6 10. Bh4 g5 11. Bg3 exd4 12. Nxd4 Nge5 13. Ne6 Qe7 14. Nxc7 Nb6
15. Nxa8 Nxa8 16. Nd5 Qd8 17. f4 Nf7 18. f5 Re8 19. Qc2 Nc7 20. Rad1 Nxd5 21.
Rxd5 Re7 22. Rfd1 Rd7 23. c5 Bf8 24. Bb5 Rc7 25. Qd3 Rxc5 26. Rxc5 Qb6 27. Kf1
dxc5 28. Qc4 Kg7 29. Be8 Nh6 30. b3 Qa5 31. a4 Be7 32. Qb5 Qxb5+ 33. Bxb5 b6
34. Bb8 a6 35. Be2 Nf7 36. Bc7 Bb7 37. Bd3 b5 38. axb5 axb5 39. Bc2 Bc6 40. Kf2
c4 41. bxc4 bxc4 42. Kf3 Ne5+ 43. Bxe5 fxe5 44. Ra1 Bc5 45. Ra6 Bb7 46. Re6 Kf7
47. Rxe5 Bd4 48. Rb5 Bc6 49. Rb4 Be5 50. Rxc4 Be8 51. h3 Kg7 52. Rc5 Kf6 53.
Rc8 Bf7 54. Rc6+ Kg7 55. Rc5 Kf6 56. Rb5 Be8 57. Rb7 Bf7 58. Bb3 Bxb3 59. Rxb3
h6 60. Kg4 Bd6 61. Rb6 Ke5 62. Rxd6 Kxd6 63. Kh5 Ke5 64. g4 Kf6 65. Kxh6 Kf7
66. Kxg5 1-0

[Event "Faxe Dags EMT 2011"]
[Site "Faxe"]
[Date "2011.05.11"]
[Round "6"]
[White "Hansen, Egon"]
[Black "Larsen, Paul M"]
[Result "1-0"]
[WhiteElo "1363"]
[BlackElo "1507"]
[PlyCount "88"]
[EventDate "2011.??.??"]

1. d4 Nf6 2. c4 e6 3. Nf3 b6 4. g3 Bb7 5. Bg2 Be7 6. Nc3 Bb4 7. Bd2 O-O 8. O-O
Bxc3 9. Bxc3 Ne4 10. Qc2 f5 11. Nd2 d5 12. Rfd1 Nd7 13. b4 c6 14. e3 Nxd2 15.
Bxd2 Rf6 16. e4 Qf8 17. exd5 cxd5 18. cxd5 Rc8 19. Qb3 exd5 20. Bxd5+ Bxd5 21.
Qxd5+ Rf7 22. Rac1 Rxc1 23. Rxc1 Nf6 24. Qb3 Kh8 25. Bf4 h6 26. a3 Nh5 27. Qf3
Nf6 28. Qc6 Kh7 29. d5 Ne4 30. Qc8 Qe7 31. Rc7 Qf6 32. Rxf7 Qxf7 33. d6 Nxd6
34. Bxd6 Qd5 35. Bf4 Qd1+ 36. Kg2 Qd5+ 37. Kh3 Qd3 38. Qc1 Qe4 39. Qe3 Qd5 40.
g4 fxg4+ 41. Kxg4 Qd7+ 42. Kg3 h5 43. Qe2 Qf7 44. Qd3+ Kh8 1-0

[Event "Faxe Dags EMT 2011"]
[Site "Faxe"]
[Date "2011.05.11"]
[Round "6"]
[White "Andersen, Hans Poul"]
[Black "Rasmussen, Frede"]
[Result "0-1"]
[WhiteElo "1217"]
[BlackElo "1434"]
[PlyCount "94"]
[EventDate "2011.??.??"]

1. e4 e6 2. d3 h6 3. Be2 d6 4. Nf3 Nc6 5. Bd2 g5 6. h3 Bg7 7. Bc3 e5 8. Nh2 Be6
9. O-O Nge7 10. Nd2 Ng6 11. Bg4 Qd7 12. Bxe6 Qxe6 13. Qg4 Qxg4 14. Nxg4 h5 15.
Ne3 Nce7 16. Nd5 Nxd5 17. exd5 Ne7 18. Ne4 f6 19. Bd2 Nxd5 20. c4 Nf4 21. Bxf4
gxf4 22. f3 Ke7 23. Rab1 f5 24. Nc3 a6 25. a4 c6 26. Rfe1 Kd7 27. Re2 Bf6 28.
Rd1 Rh7 29. Kh1 Rg8 30. a5 Kc7 31. Na4 Bd8 32. b4 Kd7 33. d4 Kc7 34. dxe5 dxe5
35. Rxe5 Rhg7 36. Rxf5 Rxg2 37. Nb6 Bh4 38. Rf7+ Kb8 39. Nd7+ Ka8 40. Nf6 Bxf6
41. Rxf6 Rf2 42. Rg1 Rd8 43. Rfg6 Rxf3 44. Kh2 Rdd3 45. R1g2 Rxh3+ 46. Kg1 h4
47. Rf2 Rhg3+ 0-1

[Event "Faxe Dags EMT 2011"]
[Site "Faxe"]
[Date "2011.05.11"]
[Round "6"]
[White "Hansen, Knud"]
[Black "Eckert, Svend"]
[Result "0-1"]
[WhiteElo "1599"]
[BlackElo "1622"]
[PlyCount "66"]
[EventDate "2011.??.??"]

1. e4 c6 2. d3 d5 3. exd5 cxd5 4. g3 Nf6 5. Bg2 Nc6 6. Ne2 e5 7. O-O Be7 8.
Nbc3 O-O 9. a3 d4 10. Ne4 Nxe4 11. dxe4 Be6 12. b3 Rc8 13. Bb2 Na5 14. Nc1 Qc7
15. Nd3 Qxc2 16. Rc1 Qxb3 17. Qxb3 Nxb3 18. Rxc8 Rxc8 19. Nxe5 Rc2 20. Nd3 Rd2
21. Bxd4 Nxd4 22. Nf4 Ne2+ 23. Nxe2 Rxe2 24. Rc1 b6 25. Kf1 Ra2 26. Bf3 Bc5 27.
Be2 Rxa3 28. Kg2 g6 29. h4 Ra2 30. Kf1 Bh3+ 31. Ke1 Bb4+ 32. Kd1 Rd2+ 33. Ke1
Rd4+ 0-1

[Event "Faxe Dags EMT 2011"]
[Site "Faxe"]
[Date "2011.05.11"]
[Round "6"]
[White "Refsgaard, Kaj"]
[Black "Nielsen, Flemming"]
[Result "1-0"]
[WhiteElo "1506"]
[BlackElo "1428"]
[PlyCount "67"]
[EventDate "2011.??.??"]

1. Nf3 Nc6 2. d4 d5 3. c4 e6 4. Nc3 b6 5. cxd5 exd5 6. Bf4 Nf6 7. e3 a6 8. a3
Be7 9. Bd3 O-O 10. Qc2 Nh5 11. Bg3 f5 12. Rc1 Na7 13. Nxd5 c6 14. Nxe7+ Qxe7
15. O-O Nxg3 16. hxg3 Qf6 17. Qb3+ Kh8 18. Rc2 b5 19. Rc5 Be6 20. Qc2 g6 21.
Ne5 Rac8 22. Rc1 Bd5 23. Nd7 Qe6 24. Nxf8 Rxf8 25. Re1 Re8 26. Qd2 Nc8 27. e4
fxe4 28. Bxe4 Bxe4 29. Re5 Qd7 30. R1xe4 Rxe5 31. Rxe5 Nd6 32. Qg5 Nf7 33. Qf6+
Kg8 34. Re7 1-0

[Event "Faxe Dags EMT 2011"]
[Site "Faxe"]
[Date "2011.05.11"]
[Round "6"]
[White "Hansen, Arne Mandrup"]
[Black "Sorensen, Lindved"]
[Result "0-1"]
[WhiteElo "1366"]
[BlackElo "1505"]
[PlyCount "76"]
[EventDate "2011.??.??"]

1. d4 Nf6 2. Nf3 c5 3. c3 e6 4. e3 a6 5. Bd3 b5 6. O-O Bb7 7. Nbd2 Qc7 8. e4
cxd4 9. cxd4 Nc6 10. a3 Qb6 11. Nb3 a5 12. Be3 Ng4 13. Rc1 Nxe3 14. fxe3 b4 15.
a4 Be7 16. Nc5 Bc8 17. e5 O-O 18. Ne4 b3 19. Ng3 Rb8 20. Nh5 Nb4 21. Bxh7+ Kxh7
22. Nf6+ gxf6 23. exf6 Bxf6 24. Ne5 Bxe5 25. Qh5+ Kg8 26. Qxe5 f5 27. Qg3+ Kf7
28. Qh4 Qd6 29. h3 Bb7 30. Qh5+ Ke7 31. Qh4+ Ke8 32. Rc3 Qd5 33. Rf2 Nc6 34.
Rf3 Rg8 35. Kf1 Ne7 36. Qh5+ Kd8 37. e4 Qxd4 38. Rfd3 Qxe4 0-1

[Event "Faxe Dags EMT 2011"]
[Site "Faxe"]
[Date "2011.05.11"]
[Round "6"]
[White "Andersen, Hans E"]
[Black "Christoffersen, Ib"]
[Result "1-0"]
[WhiteElo "1476"]
[BlackElo "1366"]
[PlyCount "99"]
[EventDate "2011.??.??"]

1. e4 e5 2. Bc4 Nf6 3. d3 h6 4. Nf3 Nc6 5. Nc3 Bc5 6. Be3 Bxe3 7. fxe3 d6 8. h3
a6 9. Nd5 Na5 10. Nxf6+ Qxf6 11. Bd5 c6 12. Bb3 Nxb3 13. axb3 O-O 14. O-O Qg6
15. Kh2 f6 16. Qe2 Be6 17. Nh4 Qh7 18. Nf5 Rad8 19. Qg4 g6 20. Nxh6+ Qxh6 21.
Qxe6+ Kh7 22. Rxf6 Qg7 23. Raf1 Rxf6 24. Rxf6 Rd7 25. Rf3 d5 26. exd5 cxd5 27.
d4 exd4 28. exd4 a5 29. Rf4 g5 30. Qf5+ Kh6 31. Qe6+ Kh7 32. Rf5 Qe7 33. Qxe7+
Rxe7 34. Rxg5 Rd7 35. c3 b5 36. Kg3 Kh6 37. h4 a4 38. b4 Rd6 39. Kf2 Rf6+ 40.
Ke2 Re6+ 41. Re5 Rg6 42. Kf3 Rf6+ 43. Kg3 Rg6+ 44. Rg5 Re6 45. Rxd5 Re2 46.
Rxb5 Rxb2 47. Ra5 Rb3 48. Ra6+ Kh5 49. Kf4 Rxc3 50. g4+ 1-0

[Event "Faxe Dags EMT 2011"]
[Site "Faxe"]
[Date "2011.05.11"]
[Round "6"]
[White "Jakobsen, Henning"]
[Black "Joost, Kjeld"]
[Result "1/2-1/2"]
[WhiteElo "1182"]
[BlackElo "1310"]
[PlyCount "62"]
[EventDate "2011.??.??"]

1. d4 d5 2. c4 Nf6 3. Nc3 e6 4. Bg5 c5 5. Nf3 Qb6 6. Bxf6 gxf6 7. Qd2 cxd4 8.
Nxd4 Bc5 9. e3 Bd7 10. cxd5 e5 11. Ndb5 Bb4 12. a4 a6 13. Qd1 axb5 14. Bxb5
Bxb5 15. axb5 Rxa1 16. Qxa1 O-O 17. O-O Bxc3 18. bxc3 Qxb5 19. Qd1 Nd7 20. Qg4+
Kh8 21. c4 Qa4 22. h4 Rg8 23. Qf5 Rg6 24. Rb1 Kg7 25. Rxb7 Nc5 26. Rc7 Qxc4 27.
d6 Qd5 28. g3 Qxd6 29. Qc8 Ne4 30. Rd7 Qc5 31. Rc7 Qf8 1/2-1/2

[Event "Faxe Dags EMT 2011"]
[Site "Faxe"]
[Date "2011.05.11"]
[Round "6"]
[White "Larsen, Poul Erik"]
[Black "Voigt, Keld"]
[Result "1-0"]
[WhiteElo "1334"]
[BlackElo "1087"]
[PlyCount "43"]
[EventDate "2011.??.??"]

1. Nf3 f5 2. c4 Nc6 3. d4 e6 4. e3 Nf6 5. c5 d6 6. cxd6 Bxd6 7. a3 O-O 8. Nc3
Bd7 9. Bd3 Ne7 10. O-O Ng4 11. h3 Nh6 12. e4 fxe4 13. Nxe4 Bf4 14. Qc2 Bc6 15.
Re1 Bxc1 16. Raxc1 Rxf3 17. gxf3 Qxd4 18. Ng5 Nhf5 19. Nxe6 Qf6 20. Bc4 Qg6+
21. Kh2 Re8 22. Nf4+ 1-0

[Event "Faxe Dags EMT 2011"]
[Site "Faxe"]
[Date "2011.05.11"]
[Round "6"]
[White "Toftvang, Ove"]
[Black "Olsen, Michael2"]
[Result "1-0"]
[WhiteElo "1241"]
[BlackElo "1197"]
[PlyCount "117"]
[EventDate "2011.??.??"]

1. g3 Nf6 2. d4 d5 3. Bg2 Nc6 4. c3 e6 5. f4 Be7 6. Nf3 h6 7. O-O O-O 8. b4 b5
9. h3 a5 10. a3 axb4 11. Ne5 Qd6 12. Nxc6 Qxc6 13. Bb2 Ne4 14. Rf3 bxa3 15.
Rxa3 Bxa3 16. Nxa3 Qd7 17. Re3 f5 18. Qb3 c6 19. Nb1 Bb7 20. Ba3 Rf6 21. Kh2
Nd6 22. Bxd6 Qxd6 23. Nd2 Ra3 24. Qb2 b4 25. Nb3 Rf8 26. Nc5 Rxc3 27. Rxe6 Qc7
28. Qxb4 Rc4 29. Qxb7 Qxb7 30. Nxb7 Rxd4 31. Rxc6 Re8 32. Bf3 Rb4 33. Nd6 Re6
34. Rc8+ Kh7 35. Nxf5 d4 36. Rc7 d3 37. Rxg7+ Kh8 38. exd3 Rb2+ 39. Bg2 Ree2
40. h4 h5 41. g4 Rxg2+ 42. Kh3 Rh2+ 43. Kg3 Rbg2+ 44. Kf3 Rf2+ 45. Ke3 Re2+ 46.
Kd4 Rxh4 47. Rg5 Rh1 48. Ng3 Reh2 49. Nxh1 Rxh1 50. gxh5 Kh7 51. f5 Kh6 52. Rg8
Rxh5 53. Ke5 Kh7 54. Rg1 Rh3 55. d4 Re3+ 56. Kf6 Re4 57. d5 Rd4 58. Kf7 Rxd5
59. Rh1# 1-0

[Event "Faxe Dags EMT 2011"]
[Site "Faxe"]
[Date "2011.05.18"]
[Round "7"]
[White "Kjeldgaard, Lennart"]
[Black "Jensen, Leif"]
[Result "0-1"]
[WhiteElo "1565"]
[BlackElo "1947"]
[PlyCount "80"]
[EventDate "2011.??.??"]

1. e4 e6 2. d4 d5 3. e5 c5 4. c3 Bd7 5. Be3 Qb6 6. Qc2 Nc6 7. Nf3 Rc8 8. Qb3
Qxb3 9. axb3 cxd4 10. Bxd4 a6 11. Nbd2 Nge7 12. Bd3 Ng6 13. g3 Nxd4 14. cxd4
Bb4 15. O-O Ne7 16. Rac1 Nc6 17. Nb1 Ba5 18. Be2 Ke7 19. Na3 Rc7 20. Rc2 Rhc8
21. Rfc1 Bb6 22. Rd1 Nxe5 23. Rxc7 Nxf3+ 24. Bxf3 Rxc7 25. Rd2 Kd6 26. h4 Ba5
27. Rc2 Rxc2 28. Nxc2 Bb5 29. Bd1 Bd3 30. Ne3 Bd2 31. Bc2 Bxc2 32. Nxc2 Bc1 33.
f3 Bxb2 34. Kf2 a5 35. Ke3 b5 36. Kd3 f6 37. Ne3 a4 38. Nd1 a3 39. Kc2 Bxd4 40.
b4 a2 0-1

[Event "Faxe Dags EMT 2011"]
[Site "Faxe"]
[Date "2011.05.18"]
[Round "7"]
[White "Andersen, Bjarne Hjorth"]
[Black "Petersen, Bent"]
[Result "1-0"]
[WhiteElo "1963"]
[BlackElo "1884"]
[PlyCount "111"]
[EventDate "2011.??.??"]

1. e4 d5 2. exd5 Qxd5 3. Nc3 Qd8 4. Bc4 Nf6 5. Nf3 Bg4 6. Bxf7+ Kxf7 7. Ne5+
Kg8 8. Nxg4 h5 9. Nxf6+ gxf6 10. Qf3 c6 11. d3 Nd7 12. Qf5 Bg7 13. Be3 Nf8 14.
O-O-O e6 15. Qf3 Qa5 16. Bd2 f5 17. Kb1 Qb6 18. Qe3 Qb4 19. a3 Qd6 20. Ne2 Kf7
21. Bc3 Bxc3 22. Nxc3 Ng6 23. g3 b6 24. Rhe1 Rae8 25. Qf3 b5 26. Ne4 Qd5 27.
Ng5+ Kf6 28. Qxd5 cxd5 29. h4 Re7 30. d4 Rc8 31. Re2 a5 32. b3 Nf8 33. Kb2 Rc6
34. Rd3 b4 35. c3 Rb7 36. axb4 axb4 37. cxb4 Rxb4 38. Rc2 Rcb6 39. Rc7 Rb7 40.
Rxb7 Rxb7 41. Rc3 Ng6 42. Rc6 Nf8 43. Kc3 f4 44. gxf4 Kf5 45. b4 Kxf4 46. Nxe6+
Nxe6 47. Rxe6 Kg4 48. Re5 Rb5 49. Rg5+ Kxh4 50. f4 Rb6 51. Rxd5 Kg4 52. Rg5+
Kxf4 53. Rxh5 Ke4 54. Re5+ Kf4 55. Kc4 Rb8 56. b5 1-0

[Event "Faxe Dags EMT 2011"]
[Site "Faxe"]
[Date "2011.05.18"]
[Round "7"]
[White "Hansen, Jens Hjort"]
[Black "Hansen, Egon"]
[Result "1-0"]
[WhiteElo "1936"]
[BlackElo "1363"]
[PlyCount "88"]
[EventDate "2011.??.??"]

1. e4 d5 2. exd5 Qxd5 3. Nc3 Qa5 4. d4 Nf6 5. Bd3 c6 6. Nge2 Nbd7 7. O-O e6 8.
h3 Bd6 9. Re1 Qc7 10. Bg5 O-O 11. Ne4 Nxe4 12. Bxe4 Re8 13. Nc3 Nb6 14. Bd3 Bd7
15. Qh5 g6 16. Qh4 Bf8 17. Ne4 Nd5 18. Bc4 f5 19. Bxd5 fxe4 20. Bxe4 Bg7 21.
Rad1 Rf8 22. Bd3 Rae8 23. Bc4 Kh8 24. f4 Rf7 25. Re2 Ref8 26. Bxe6 Bxe6 27.
Rxe6 Qd7 28. Re2 Bf6 29. c3 Qd5 30. a3 Bxg5 31. fxg5 Rf4 32. Qg3 Qf5 33. Rde1
Rf1+ 34. Kh2 Rxe1 35. Rxe1 Rf7 36. Qe3 Kg8 37. Re2 Kg7 38. Kg3 Qd5 39. Qe5+
Qxe5+ 40. Rxe5 Kf8 41. Re3 Rd7 42. Kf2 Kf7 43. a4 Re7 44. Rxe7+ Kxe7 1-0

[Event "Faxe Dags EMT 2011"]
[Site "Faxe"]
[Date "2011.05.18"]
[Round "7"]
[White "Hansen, Aage"]
[Black "Wehlast, Svend Erik"]
[Result "1-0"]
[WhiteElo "1622"]
[BlackElo "1420"]
[PlyCount "77"]
[EventDate "2011.??.??"]

1. e4 d5 2. exd5 Qxd5 3. Nc3 Qa5 4. d4 c6 5. Bd2 e6 6. Nf3 Nf6 7. Bc4 Qd8 8.
Qe2 Be7 9. h4 b5 10. Bb3 Ba6 11. Ne4 Nd5 12. Nfg5 h6 13. Nf3 Nb6 14. O-O-O Nc4
15. Rdg1 Qb6 16. g4 Nd7 17. g5 Nxd2 18. Qxd2 hxg5 19. Nexg5 Bb7 20. Qf4 Nf6 21.
Ne5 c5 22. dxc5 Bxc5 23. Rh2 O-O-O 24. c3 Bd5 25. Ngxf7 Bxb3 26. Nxd8 Bxa2 27.
Ndf7 Nd5 28. Qd2 Rxh4 29. Rxh4 Bxf2 30. Nd6+ Qxd6 31. Rh8+ Kb7 32. Rxg7+ Ka6
33. Qxf2 Nb6 34. Qd4 Bd5 35. Nd3 Nd7 36. Nb4+ Kb7 37. Rhh7 Kc8 38. Rxd7 Qg3 39.
Qc5+ 1-0

[Event "Faxe Dags EMT 2011"]
[Site "Faxe"]
[Date "2011.05.18"]
[Round "7"]
[White "Eckert, Svend"]
[Black "Christoffersen, Per"]
[Result "1/2-1/2"]
[WhiteElo "1622"]
[BlackElo "1549"]
[PlyCount "110"]
[EventDate "2011.??.??"]

1. c4 Nf6 2. d4 g6 3. Nc3 d5 4. e3 e6 5. a3 Bg7 6. Nf3 O-O 7. Bd3 c6 8. O-O
Nbd7 9. c5 b6 10. b4 a5 11. Bb2 bxc5 12. bxc5 Ba6 13. Bxa6 Rxa6 14. Qd3 Ra7 15.
Rab1 Qc7 16. Ba1 e5 17. Nxe5 Nxe5 18. dxe5 Nd7 19. f4 Nxc5 20. Qd4 Ne6 21. Qa4
Nc5 22. Qc2 Ne6 23. Rfc1 Rc8 24. Na4 c5 25. Rb5 Bf8 26. Nb6 Rd8 27. Qd2 Qc6 28.
a4 c4 29. Nxd5 Nc7 30. e4 Nxb5 31. axb5 Qe6 32. Rxc4 Bb4 33. Qc2 Rxd5 34. exd5
Qxd5 35. Rc8+ Bf8 36. Qc3 Rd7 37. h3 Qe4 38. Rc4 Qb1+ 39. Kh2 Rd3 40. Qxa5 Rd5
41. e6 fxe6 42. Qc3 e5 43. fxe5 h5 44. Rc8 Qe4 45. Qf3 Qxf3 46. gxf3 Rxb5 47.
f4 Rb1 48. Bd4 Rb4 49. Bc5 Rxf4 50. e6 Rc4 51. Rxf8+ Kg7 52. Rf7+ Kg8 53. Be7
Rc7 54. Rf8+ Kg7 55. Rf7+ Kg8 1/2-1/2

[Event "Faxe Dags EMT 2011"]
[Site "Faxe"]
[Date "2011.05.18"]
[Round "7"]
[White "Rasmussen, Frede"]
[Black "Arendal, Gustav"]
[Result "0-1"]
[WhiteElo "1434"]
[BlackElo "1834"]
[PlyCount "86"]
[EventDate "2011.??.??"]

1. d4 Nf6 2. Bf4 g6 3. e3 Bg7 4. h3 d6 5. Bd3 Nc6 6. a3 e5 7. dxe5 dxe5 8. Bg5
e4 9. Be2 Qxd1+ 10. Bxd1 Ne5 11. Nc3 Nc4 12. b3 Nd6 13. Nge2 O-O 14. Rb1 c6 15.
O-O Bd7 16. Ng3 Rae8 17. Be2 Nd5 18. Nxd5 cxd5 19. Bf4 Re6 20. Bxd6 Rxd6 21. c4
Be5 22. Rfd1 Bc6 23. Nf1 d4 24. exd4 Bxd4 25. b4 b6 26. Ne3 Kg7 27. Nd5 Be5 28.
Ne3 Rfd8 29. Nd5 R8d7 30. f4 exf3 31. Bxf3 b5 32. c5 Rxd5 33. Bxd5 Bxd5 34. Rd2
Kf6 35. Rc1 Ke7 36. Re1 f6 37. a4 bxa4 38. b5 a3 39. Rde2 Ke6 40. c6 Rc7 41.
Rd1 Bc4 42. Rxe5+ fxe5 43. Ra1 a2 0-1

[Event "Faxe Dags EMT 2011"]
[Site "Faxe"]
[Date "2011.05.18"]
[Round "7"]
[White "Andersen, Hans E"]
[Black "Hansen, Borge"]
[Result "0-1"]
[WhiteElo "1476"]
[BlackElo "1592"]
[PlyCount "70"]
[EventDate "2011.??.??"]

1. e4 e5 2. Bc4 Nf6 3. d3 Be7 4. Nf3 d6 5. h3 O-O 6. Be3 Nc6 7. Nc3 Na5 8. Bb3
Nxb3 9. axb3 a6 10. Qd2 c6 11. g4 d5 12. d4 exd4 13. Bxd4 Nxe4 14. Qd3 Bb4 15.
O-O Ng5 16. Kg2 Bd6 17. Be5 Bxe5 18. Nxe5 f6 19. Nf3 f5 20. Nxg5 Qxg5 21. f4
Qg6 22. g5 Re8 23. Rae1 Bd7 24. Ne2 Qd6 25. Kf3 Re4 26. Kg2 Rae8 27. Kf2 c5 28.
c4 d4 29. Kg2 Re3 30. Qd1 Bc6+ 31. Kh2 Bf3 32. Rf2 Bxe2 33. Rexe2 Rxe2 34. Rxe2
Qxf4+ 35. Kh1 Qf3+ 0-1

[Event "Faxe Dags EMT 2011"]
[Site "Faxe"]
[Date "2011.05.18"]
[Round "7"]
[White "Larsen, Paul M"]
[Black "Brinkhard, Anders"]
[Result "0-1"]
[WhiteElo "1507"]
[BlackElo "1482"]
[PlyCount "98"]
[EventDate "2011.??.??"]

1. Nf3 d5 2. d4 Nf6 3. e3 c6 4. c4 e6 5. Nc3 Bd6 6. Bd3 Nbd7 7. O-O O-O 8. Qc2
h6 9. a3 a6 10. b4 dxc4 11. Bxc4 Nd5 12. e4 Nxc3 13. Qxc3 Be7 14. Bb2 Nf6 15.
Rfe1 b5 16. Bb3 Bb7 17. Rad1 a5 18. Ne5 axb4 19. axb4 Qb6 20. Nd3 Rfd8 21. Nc5
Bf8 22. Kh1 Qc7 23. Bxe6 Bxc5 24. Bxf7+ Qxf7 25. bxc5 Ra4 26. Qg3 Rb4 27. Ba1
Rb3 28. Qh4 Qh5 29. Qf4 Qf7 30. Re3 Rxe3 31. fxe3 Nh7 32. Rf1 Qxf4 33. exf4 Nf6
34. e5 Nd5 35. f5 Ra8 36. g4 Ra2 37. Re1 Kf7 38. h4 Bc8 39. Rf1 b4 40. g5 hxg5
41. hxg5 b3 42. g6+ Kf8 43. f6 b2 44. Bxb2 Rxb2 45. f7 Ne7 46. Rf4 Be6 47. d5
Bxd5+ 48. Kg1 Rg2+ 49. Kf1 Rxg6 0-1

[Event "Faxe Dags EMT 2011"]
[Site "Faxe"]
[Date "2011.05.18"]
[Round "7"]
[White "Ostrem, Eyolf"]
[Black "Refsgaard, Kaj"]
[Result "0-1"]
[WhiteElo "1400"]
[BlackElo "1506"]
[PlyCount "84"]
[EventDate "2011.??.??"]

1. Nf3 Nf6 2. g3 g6 3. Bg2 Bg7 4. O-O d6 5. d3 Nbd7 6. e4 O-O 7. c3 c5 8. Nbd2
Rb8 9. a4 a6 10. Nc4 b5 11. axb5 axb5 12. Ne3 b4 13. Bd2 bxc3 14. bxc3 Nb6 15.
Qc2 Bb7 16. Rfc1 c4 17. Nd4 cxd3 18. Qxd3 Nbd7 19. Rab1 Nc5 20. Qc2 Bxe4 21.
Bxe4 Rxb1 22. Rxb1 Ncxe4 23. Be1 Qc8 24. Ne2 Ng5 25. Nf4 e5 26. Ned5 Nxd5 27.
Nxd5 Qa8 28. c4 Nf3+ 29. Kg2 Nxe1+ 30. Rxe1 Rc8 31. f3 Qxd5 32. cxd5 Rxc2+ 33.
Kh3 Rd2 34. Re4 Rxd5 35. f4 Rd4 36. Rxd4 exd4 37. Kg2 d3 38. Kf1 Bc3 39. Kf2 f5
40. Ke3 d2 41. Ke2 h5 42. h4 Kf7 0-1

[Event "Faxe Dags EMT 2011"]
[Site "Faxe"]
[Date "2011.05.18"]
[Round "7"]
[White "Sorensen, Lindved"]
[Black "Andersen, Hans Poul"]
[Result "1/2-1/2"]
[WhiteElo "1505"]
[BlackElo "1217"]
[PlyCount "129"]
[EventDate "2011.??.??"]

1. Nf3 d5 2. c4 e6 3. b3 Nf6 4. g3 h6 5. Bb2 Be7 6. Bg2 c6 7. O-O O-O 8. d3
Nbd7 9. Nbd2 b6 10. e4 dxc4 11. e5 Ne8 12. Nxc4 Bb7 13. Nd4 Qc8 14. Qf3 Nc5 15.
Nxc6 Bxc6 16. Qxc6 Qxc6 17. Bxc6 Rd8 18. d4 Na6 19. Rfd1 Nec7 20. a4 Nd5 21.
Bxd5 Rxd5 22. Ne3 Rd7 23. Rac1 Rfd8 24. Rc4 Nc7 25. Rdc1 Nd5 26. Nxd5 Rxd5 27.
Rc7 R5d7 28. Rxd7 Rxd7 29. Rc8+ Kh7 30. f4 Bb4 31. Kf2 g6 32. Ke3 h5 33. h3 Be7
34. g4 hxg4 35. hxg4 Bb4 36. Ke4 Kg7 37. f5 gxf5+ 38. gxf5 Bf8 39. Bc1 exf5+
40. Kd3 Be7 41. Rc6 f6 42. Bf4 fxe5 43. Bxe5+ Kf7 44. Ke3 Bg5+ 45. Kf3 Re7 46.
Rc7 Rxc7 47. Bxc7 Ke6 48. Bb8 a6 49. Bc7 b5 50. axb5 axb5 51. Bb6 Kd5 52. Bc5
Bh6 53. Ke2 Ke4 54. Bb6 Bg7 55. d5 Kxd5 56. Kf3 Be5 57. Be3 Bd6 58. Bf2 b4 59.
Be3 f4 60. Bf2 Be7 61. Bg1 Bd6 62. Bf2 Bc5 63. Be1 Bd6 64. Bf2 Be5 65. Be1
1/2-1/2

[Event "Faxe Dags EMT 2011"]
[Site "Faxe"]
[Date "2011.05.18"]
[Round "7"]
[White "Joost, Kjeld"]
[Black "Hansen, Knud"]
[Result "0-1"]
[WhiteElo "1310"]
[BlackElo "1599"]
[PlyCount "66"]
[EventDate "2011.??.??"]

1. e4 e5 2. Nf3 d6 3. Nc3 Nf6 4. Bc4 Be7 5. d3 h6 6. O-O O-O 7. Re1 Nc6 8. Be3
Na5 9. Bb3 Nxb3 10. axb3 a6 11. b4 Bd7 12. b5 axb5 13. d4 exd4 14. Nxd4 c6 15.
Nf5 Bxf5 16. exf5 Qd7 17. Qf3 d5 18. Rad1 Rfe8 19. Rd4 Nh7 20. Qg4 Bg5 21. h4
Bxe3 22. fxe3 Nf6 23. Qf4 c5 24. Rd2 Qc6 25. Red1 Rad8 26. g4 b4 27. Ne2 Re4
28. Qf3 Rde8 29. g5 Rxe3 30. Qg2 hxg5 31. hxg5 Nh7 32. Nf4 d4 33. Nd5 R3e5 0-1

[Event "Faxe Dags EMT 2011"]
[Site "Faxe"]
[Date "2011.05.18"]
[Round "7"]
[White "Nielsen, Flemming"]
[Black "Jakobsen, Henning"]
[Result "1-0"]
[WhiteElo "1428"]
[BlackElo "1182"]
[PlyCount "69"]
[EventDate "2011.??.??"]

1. e4 d6 2. d4 g6 3. Nf3 Bg4 4. Bc4 Nc6 5. O-O Nf6 6. Re1 e5 7. c3 Bg7 8. h3
Bxf3 9. Qxf3 O-O 10. Be3 Nd7 11. Nd2 exd4 12. cxd4 Bxd4 13. Bh6 Bg7 14. Bxg7
Kxg7 15. Qc3+ Kg8 16. Re3 Nce5 17. Bb3 Nf6 18. f4 Ned7 19. Rf1 Nc5 20. Bc2 Re8
21. b4 Ncxe4 22. Bxe4 d5 23. Bc2 d4 24. Rxe8+ Nxe8 25. Qd3 f5 26. Nf3 Nf6 27.
Bb3+ Kg7 28. Ng5 Qd6 29. Ne6+ Kh6 30. Qg3 Qxe6 31. Bxe6 Ne4 32. Qh4+ Kg7 33.
Qe7+ Kh6 34. g4 Ng3 35. g5+ 1-0

[Event "Faxe Dags EMT 2011"]
[Site "Faxe"]
[Date "2011.05.18"]
[Round "7"]
[White "Toftvang, Ove"]
[Black "Hansen, Arne Mandrup"]
[Result "1-0"]
[WhiteElo "1241"]
[BlackElo "1366"]
[PlyCount "77"]
[EventDate "2011.??.??"]

1. g3 f5 2. d4 Nf6 3. Bg2 e6 4. Nf3 Be7 5. a3 d5 6. c3 c6 7. O-O O-O 8. Bf4 Ne4
9. Ne5 Nd6 10. Nd2 Nf7 11. Ndf3 Nd7 12. Nd3 Nf6 13. Qd2 Bd6 14. Nfe5 Nh5 15.
Nxf7 Rxf7 16. Bxd6 Qxd6 17. f4 Nf6 18. Ne5 Rf8 19. b4 b6 20. Rac1 a5 21. c4 Ne4
22. Bxe4 fxe4 23. c5 bxc5 24. bxc5 Qc7 25. e3 Ba6 26. Rf2 a4 27. h4 Bb5 28. Rh2
Rf6 29. Qd1 Raf8 30. Qg4 g6 31. h5 Qg7 32. h6 Qe7 33. Rh5 Qd8 34. Rg5 Qe8 35.
Rc2 Kh8 36. Rf2 Rg8 37. Qh4 Rf5 38. Rxf5 exf5 39. Qf6+ 1-0

[Event "Faxe Dags EMT 2011"]
[Site "Faxe"]
[Date "2011.05.18"]
[Round "7"]
[White "Christoffersen, Ib"]
[Black "Larsen, Poul Erik"]
[Result "0-1"]
[WhiteElo "1366"]
[BlackElo "1334"]
[PlyCount "88"]
[EventDate "2011.??.??"]

1. e4 g6 2. Nf3 Bg7 3. Bc4 e6 4. d4 Ne7 5. O-O O-O 6. Bg5 f6 7. Bh4 d5 8. exd5
exd5 9. Bb3 c6 10. h3 Nf5 11. Bg3 Nxg3 12. fxg3 Qc7 13. Qe1 Nd7 14. c3 Nb6 15.
Nbd2 Bf5 16. Qf2 Rae8 17. Rfe1 Bh6 18. Nf1 Bd3 19. Rad1 Bxf1 20. Kxf1 Qc8 21.
Nd2 f5 22. Kg1 Rf7 23. Rxe8+ Qxe8 24. Re1 Re7 25. Rxe7 Qxe7 26. Nf1 Nd7 27. Kh1
Nf6 28. Bc2 Ne4 29. Qe1 Qd6 30. Kg1 c5 31. g4 cxd4 32. cxd4 Qb6 33. Bxe4 Qxd4+
34. Kh1 fxe4 35. Qh4 Bf8 36. Qd8 Qd1 37. Qf6 Qd3 38. Qe6+ Kg7 39. Qe5+ Kf7 40.
Qc7+ Kg8 41. Qc1 d4 42. b3 e3 43. Ng3 e2 44. Qe1 Qd1 0-1

[Event "Faxe Dags EMT 2011"]
[Site "Faxe"]
[Date "2011.05.12"]
[Round "7"]
[White "Olsen, Michael2"]
[Black "Voigt, Keld"]
[Result "1-0"]
[WhiteElo "1197"]
[BlackElo "1087"]
[PlyCount "49"]
[EventDate "2011.??.??"]

1. d4 Nf6 2. c4 e6 3. Nc3 Bb4 4. Bd2 Bxc3 5. Bxc3 d5 6. c5 b6 7. b4 a5 8. b5
Ne4 9. Qc2 bxc5 10. dxc5 Nxc3 11. Qxc3 d4 12. Qf3 Ra7 13. Rd1 Rb7 14. a4 c6 15.
e4 cxb5 16. Bxb5+ Bd7 17. Ne2 Bxb5 18. axb5 Rxb5 19. O-O Nc6 20. Rc1 a4 21. Rc4
d3 22. Nc1 Rb1 23. Rc3 Nd4 24. Qxd3 Nb3 25. Qxb1 1-0